000 00538nam a2200181Ia 4500
999 _c30017
_d30017
003 OSt
005 20201218112416.0
008 190216s9999||||xx |||||||||||||| ||und||
020 _a9788188015658
040 _coclc
082 _a894.8121
_bNAI/T
100 _aNair, Edasseri Govindan
_96933
245 0 _aThattwasasthrangal Urangumbol /
_cEdassery Govindan Nair
260 _bLipi Publications,
_c2012.
_aKozhikode:
300 _a72p
650 _aKavitha
942 _cBK
_2ddc
_h894.8121
_iNAI/T
_k894.8121
_mNAI/T